000 00774nam a2200169 i 4500
001 157721
003 ES-MaACL
005 20230906210826.0
008 990315s1878 fr |||| | fre d
040 _aCCPB | B
_bspa
_cCCPB | B
100 1 _aLichtenstein, Jules.
_9128943
245 1 0 _aHistoire du Phylloxera précédée de considerations générales sur les pucerons et suivie de la liste de personnes qui se sont occupées del aquestion phylloxera /
_cpar J. Lichtenstein.
260 _aMontpellier :
_bChez C. Coulet ;
_aParis :
_bChez J. -B- Baillière & Fils,
_c1878.
300 _a39 p., V h. de lám. ;
_c25 cm.
650 4 _aFiloxera-
_xHistoria.
_9136119
852 _aES-MaACL
_jT-670-F-4
_z-- Enc. hol. conservando la cub. original
_z-- Enc. en un vol. facticio
999 _c157721
_d157721